[Event "COL-ch U20"]
[Site "Cali"]
[Date "2024.03.02"]
[Round "6"]
[White "Barbosa, Mattew"]
[Black "Jimenez Rios, Manuel David"]
[Result "1/2-1/2"]
[WhiteElo "1529"]
[BlackElo "1356"]
[PlyCount "106"]
[EventDate "2024.02.28"]
[EventType "swiss"]
[EventRounds "9"]
[EventCountry "COL"]
[SourceTitle "CBM 219 Extra"]
[Source "ChessBase"]
[SourceDate "2024.05.31"]
[SourceVersion "1"]
[SourceVersionDate "2024.05.31"]
[SourceQuality "1"]

1. c4 g6 2. Nf3 c5 3. e3 Nc6 4. d4 Bg7 5. Nc3 d6 6. Be2 Nf6 7. 0-0 0-0 8. Bd2 Bd7 9. d5 Nb4 10. a3 Na6 11. e4 e6 12. Bd3 Nc7 13. Rb1 a6 14. b4 b5 15. bxc5 dxc5 16. cxb5 exd5 17. b6 Nb5 18. e5 Ng4 19. Nxb5 axb5 20. Bxb5 Nxe5 21. b7 Rb8 22. Nxe5 Bxe5 23. Bxd7 Qxd7 24. Qb3 Rfe8 25. a4 Re7 26. Qa3 Bd4 27. Bc3 Bxc3 28. Qxc3 c4 29. a5 Rxb7 30. Ra1 Re6 31. a6 Ra7 32. Rfb1 Qd8 33. Rb7 Raxa6 34. Rab1 Rab6 35. h3 Rxb1+ 36. Rxb1 Qf6 37. Qa3 Re8 38. Qc5 Rd8 39. Rc1 Qb2 40. Re1 c3 41. Qd4 Qd2 42. Qxd2 cxd2 43. Rd1 Kg7 44. Rxd2 d4 45. g4 g5 46. Kg2 Kf6 47. Kf3 Ke5 48. Re2+ Kd6 49. Rd2 Kc5 50. Ke4 Kc4 51. Rc2+ Kb3 52. Kd3 Rd6 53. Rc5 h6 1/2-1/2